000 00485nam a2200181Ia 4500
005 20250508162230.0
008 008 250505s9999 xx 000 0 eng d
037 _aTextual
040 _aFEDL
_beng
_cFEDL
041 _aeng
_2eng
084 _a371.76, SHA
_qFEDL
100 _aSharma R S
245 0 _aConcept of sex in India
260 _aRohtak, India
_bPunjab Book House
_c1983
300 _aiv,110p
942 _cTEXL
_h371.76, SHA
999 _c1375259
_d1375259